Statistics for MLB World Series Champions

Click here to take the quiz!

General Stats

  • This quiz has been taken 47 times
  • The average score is 73 of 117

Answer Stats

YearWinner% Correct
2020Los Angeles Dodgers
97%
2021Atlanta Braves
94%
2019Washington Nationals
91%
2018Boston Red Sox
88%
2017Houston Astros
88%
2009New York Yankees
88%
2016Chicago Cubs
84%
2015Kansas City Royals
84%
2014San Francisco Giants
84%
2012San Francisco Giants
81%
2007Boston Red Sox
78%
2013Boston Red Sox
78%
2005Chicago White Sox
78%
1998New York Yankees
78%
2000New York Yankees
78%
1999New York Yankees
78%
2008Philadelphia Phillies
78%
2010San Francisco Giants
78%
2011St Louis Cardinals
78%
2001Arizona Diamondbacks
75%
1995Atlanta Braves
75%
2004Boston Red Sox
75%
1997Florida Marlins
75%
2003Florida Marlins
75%
1996New York Yankees
75%
1977New York Yankees
72%
1972Oakland Athletics
72%
1973Oakland Athletics
72%
1974Oakland Athletics
72%
2006St Louis Cardinals
72%
1993Toronto Blue Jays
72%
1992Toronto Blue Jays
72%
1976Cincinnati Reds
69%
1990Cincinnati Reds
69%
1975Cincinnati Reds
69%
1985Kansas City Royals
69%
1981Los Angeles Dodgers
69%
1988Los Angeles Dodgers
69%
1986New York Mets
69%
1978New York Yankees
69%
1989Oakland Athletics
69%
1979Pittsburgh Pirates
69%
1984Detroit Tigers
66%
1965Los Angeles Dodgers
66%
1987Minnesota Twins
66%
1991Minnesota Twins
66%
1969New York Mets
66%
1961New York Yankees
66%
1958New York Yankees
66%
1962New York Yankees
66%
1980Philadelphia Phillies
66%
1971Pittsburgh Pirates
66%
1967St Louis Cardinals
66%
1982St Louis Cardinals
66%
1970Baltimore Orioles
63%
1903Boston Red Sox
63%
1908Chicago Cubs
63%
1963Los Angeles Dodgers
63%
1953New York Yankees
63%
1927New York Yankees
63%
1949New York Yankees
63%
1950New York Yankees
63%
1956New York Yankees
63%
1951New York Yankees
63%
1960Pittsburgh Pirates
63%
1964St Louis Cardinals
63%
1983Baltimore Orioles
59%
1918Boston Red Sox
59%
1912Boston Red Sox
59%
1907Chicago Cubs
59%
1948Cleveland Indians
59%
1968Detroit Tigers
59%
1959Los Angeles Dodgers
59%
1954New York Giants
59%
1936New York Yankees
59%
1923New York Yankees
59%
1932New York Yankees
59%
1928New York Yankees
59%
1939New York Yankees
59%
1938New York Yankees
59%
1937New York Yankees
59%
1952New York Yankees
59%
1943New York Yankees
59%
1947New York Yankees
59%
1941New York Yankees
59%
1909Pittsburgh Pirates
59%
1944St Louis Cardinals
59%
1946St Louis Cardinals
59%
1966Baltimore Orioles
56%
1915Boston Red Sox
56%
1916Boston Red Sox
56%
1906Chicago White Sox
56%
1917Chicago White Sox
56%
1940Cincinnati Reds
56%
1919Cincinnati Reds
56%
1905New York Giants
56%
1922New York Giants
56%
1921New York Giants
56%
1933New York Giants
56%
1925Pittsburgh Pirates
56%
1934St Louis Cardinals
56%
1926St Louis Cardinals
56%
1942St Louis Cardinals
56%
1931St Louis Cardinals
56%
1920Cleveland Indians
53%
1945Detroit Tigers
53%
1935Detroit Tigers
53%
2002Anaheim Angels
28%
1955Brooklyn Dodgers
22%
1957Milwaukee Braves
22%
1914Boston Braves
19%
1924Washington Senators
19%
1910Philadelphia Athletics
16%
1911Philadelphia Athletics
16%
1930Philadelphia Athletics
16%
1929Philadelphia Athletics
16%
1913Philadelphia Athletics
16%

Score Distribution

Percentile by Number Answered

Percent of People with Each Score

Your Score History

You have not taken this quiz